[Event "4NCL Division 2a"]
[Site "De Vere, Staverton Park ENG"]
[Date "2013.02.23"]
[Round "5.27"]
[White "Connor, Stephen J"]
[Black "Lindner, Daniel"]
[Result "0-1"]
[WhiteElo "2065"]
[BlackElo "2202"]
[PlyCount "90"]
[EventDate "2013.02.23"]
[WhiteTeam "Spirit of Atticus"]
[BlackTeam "Anglian Avengers 1"]

1. e4 c5 2. Nf3 Nc6 3. d4 cxd4 4. Nxd4 e6 5. Nc3 Qc7 6. Be3 a6 7. Bd3 Nf6 8. f4
Nxd4 9. Bxd4 Qxf4 10. Qe2 d6 11. Be3 Qg4 12. Qf2 Be7 13. O-O O-O 14. a4 Bd7 15.
h3 Qh5 16. Qg3 Qg6 17. Qh2 e5 18. Rf3 h5 19. Raf1 Rac8 20. Rg3 Qh7 21. Bg5 h4
22. Bxf6 hxg3 23. Qxg3 Bxf6 24. Rxf6 Be6 25. Qg5 Rfe8 26. Qg3 Kh8 27. Rf1 Qh6
28. Qf2 Qg5 29. Kh1 Qd8 30. Qf3 Qg5 31. Qf2 Rc5 32. Nd5 f5 33. b4 Rc6 34. Ne3
f4 35. Nd5 Rcc8 36. Qf3 Bf7 37. Kh2 Qg3+ 38. Qxg3 fxg3+ 39. Kxg3 Bxd5 40. exd5
e4 41. Be2 Rxc2 42. Bh5 Re5 43. Rf8+ Kh7 44. Bg4 e3 45. Bf5+ g6 0-1

[Event "4NCL Division 2a"]
[Site "De Vere, Staverton Park ENG"]
[Date "2013.02.23"]
[Round "5.28"]
[White "Gray, Mark S"]
[Black "Ackley, Peter JE"]
[Result "0-1"]
[WhiteElo "2074"]
[BlackElo "2029"]
[PlyCount "104"]
[EventDate "2013.02.23"]
[WhiteTeam "Anglian Avengers 1"]
[BlackTeam "Spirit of Atticus"]

1. e4 e6 2. d4 d5 3. Nd2 Nf6 4. e5 Nfd7 5. Bd3 c5 6. c3 Nc6 7. Ne2 cxd4 8. cxd4
f6 9. exf6 Nxf6 10. O-O Bd6 11. Nf3 Qc7 12. Nc3 a6 13. Bg5 O-O 14. Bh4 Nh5 15.
Rc1 g6 16. Re1 Qg7 17. Bb1 Bd7 18. Bg5 b5 19. Be3 Rf7 20. Qd2 Rxf3 21. gxf3 Qf6
22. f4 Nxf4 23. Ne2 Nh3+ 24. Kg2 Rf8 25. f4 Qh4 26. Rf1 Bb4 27. Qd1 Bd6 28. Qd2
Qg4+ 29. Kh1 Ne7 30. Qd1 Nf5 31. Bxf5 Qxf5 32. Ng3 Qf7 33. Qg4 Nxf4 34. Ne2 e5
35. Qh4 Bf5 36. Bxf4 Be4+ 37. Kg1 exf4 38. Nc3 Qg7 39. Qf2 Bb8 40. Rfe1 Qe7 41.
Nxe4 dxe4 42. Qc2 e3 43. Qb3+ Kg7 44. Rc2 Qg5+ 45. Kf1 Qf5 46. Rec1 Qh3+ 47.
Ke1 f3 48. Qd5 f2+ 49. Ke2 f1=Q+ 50. Rxf1 Qxf1+ 51. Kxe3 Bf4+ 52. Ke4 Qh1+ 0-1

[Event "4NCL Division 2a"]
[Site "De Vere, Staverton Park ENG"]
[Date "2013.02.23"]
[Round "5.31"]
[White "Crouch, Colin S"]
[Black "Yeo, Michael J"]
[Result "1/2-1/2"]
[WhiteElo "2388"]
[BlackElo "2155"]
[PlyCount "120"]
[EventDate "2013.02.23"]
[WhiteTeam "Pandora's Box Grantham"]
[BlackTeam "Wessex"]

1. d4 Nf6 2. c4 g6 3. f3 e6 4. e4 d5 5. Nc3 dxe4 6. fxe4 e5 7. Bg5 h6 8. dxe5
Qxd1+ 9. Rxd1 hxg5 10. exf6 Nd7 11. Nd5 Bd6 12. Nf3 c6 13. c5 Nxc5 14. e5 Bb8
15. b4 Nd7 16. Ne7 Bxe5 17. Bc4 Bxf6 18. Nxc8 Rxc8 19. Bxf7+ Kxf7 20. Rxd7+ Ke6
21. Rxb7 g4 22. Nd2 Bd4 23. Nb3 Bb6 24. Kd2 Rc7 25. Rxc7 Bxc7 26. h3 Kd5 27.
Kd3 Bd6 28. a3 Bf4 29. Nc5 Re8 30. hxg4 Re3+ 31. Kc2 Kc4 32. Kb1 Rxa3 33. Rh3
Re3 34. Rf3 g5 35. Rxe3 Bxe3 36. Nd7 Kxb4 37. Kc2 a5 38. Ne5 c5 39. Kd3 Bf4 40.
Nc6+ Kb5 41. Na7+ Kb6 42. Nc8+ Kc6 43. Kc4 a4 44. Ne7+ Kd7 45. Nd5 a3 46. Kb3
Bc1 47. Nc3 Kc6 48. Kc2 Bb2 49. Ne4 c4 50. Kb1 c3 51. Nxg5 Bc1 52. Nf3 Kd5 53.
Ne1 Bb2 54. Nc2 Ke4 55. g5 Kf5 56. Ka2 Kxg5 57. Nxa3 Bxa3 58. Kxa3 Kg4 59. Kb3
Kg3 60. Kxc3 Kxg2 1/2-1/2

[Event "4NCL Division 2a"]
[Site "De Vere, Staverton Park ENG"]
[Date "2013.02.23"]
[Round "5.32"]
[White "Lock, Gavin R"]
[Black "Ross, Chris N"]
[Result "1-0"]
[WhiteElo "2173"]
[BlackElo "2247"]
[PlyCount "109"]
[EventDate "2013.02.23"]
[WhiteTeam "Wessex"]
[BlackTeam "Pandora's Box Grantham"]

1. d4 e6 2. Nf3 Nf6 3. Bg5 c5 4. e3 b6 5. Nbd2 Be7 6. c3 O-O 7. Bd3 Ba6 8. Bxa6
Nxa6 9. O-O Re8 10. Ne5 Nd5 11. Bxe7 Qxe7 12. a4 d6 13. Nd3 cxd4 14. exd4 Nac7
15. Re1 a6 16. f4 Qd7 17. Qf3 b5 18. axb5 axb5 19. Rf1 f5 20. h3 Qc6 21. Kf2
Qb6 22. Kg3 Ra6 23. Rfe1 Qa7 24. Rxa6 Qxa6 25. Kh2 Qa8 26. Re2 Nb6 27. Kg3 Ncd5
28. Kf2 Qc8 29. Kg1 Re7 30. Kh2 Qa6 31. g4 Qa7 32. Kg3 Qd7 33. Kg2 Rf7 34. g5
Re7 35. h4 Qc6 36. Kg3 b4 37. cxb4 Nc4 38. Nxc4 Qxc4 39. Nf2 Qxd4 40. Rc2 Re8
41. Nd3 Ne3 42. Rc3 Ng4 43. Kg2 e5 44. fxe5 dxe5 45. Qc6 Ne3+ 46. Kf3 e4+ 47.
Kg3 Re7 48. Nf4 Qd2 49. Qa8+ Kf7 50. Qa2+ Ke8 51. Qg8+ Kd7 52. Qc8+ Kd6 53.
Qc5+ Kd7 54. Qc6+ Kd8 55. Qc8# 1-0

[Event "4NCL Division 2a"]
[Site "De Vere, Staverton Park ENG"]
[Date "2013.02.23"]
[Round "5.33"]
[White "Batchelor, Peter J"]
[Black "Rutter, Nick J"]
[Result "1/2-1/2"]
[WhiteElo "2127"]
[BlackElo "2193"]
[PlyCount "149"]
[EventDate "2013.02.23"]
[WhiteTeam "Pandora's Box Grantham"]
[BlackTeam "Wessex"]

1. d4 d5 2. Nf3 Nf6 3. c4 c6 4. g3 Bf5 5. Bg2 Nbd7 6. Nbd2 e6 7. O-O Be7 8. b3
Ne4 9. Bb2 O-O 10. Nxe4 Bxe4 11. Nd2 Bxg2 12. Kxg2 a5 13. a3 b5 14. e4 bxc4 15.
bxc4 Qb6 16. Bc3 Qa6 17. exd5 exd5 18. Re1 Bf6 19. cxd5 cxd5 20. Qf3 Nb6 21.
Nb3 a4 22. Nc5 Qc8 23. Reb1 Nd7 24. Rb5 Qc6 25. Rab1 Rfb8 26. Rxb8+ Rxb8 27.
Rxb8+ Nxb8 28. Qd1 Be7 29. Qxa4 Qxa4 30. Nxa4 Bxa3 31. Nb6 f6 32. Nxd5 Kf7 33.
Kf3 f5 34. Ne3 g6 35. Nc4 Be7 36. Ke3 Nd7 37. d5 Bd8 38. Bd4 h6 39. Kd3 g5 40.
Nd6+ Kg6 41. Nb7 Bf6 42. d6 Kf7 43. Kc4 Ke6 44. f3 Be5 45. Bc5 Bf6 46. f4 h5
47. Be3 gxf4 48. Bxf4 Ne5+ 49. Kc5 h4 50. Bxe5 Kxe5 51. d7 hxg3 52. hxg3 f4 53.
gxf4+ Kxf4 54. Kd5 Kf5 55. Nd6+ Kg6 56. Ke6 Bd8 57. Nf7 Ba5 58. Ne5+ Kg7 59.
Ke7 Bb4+ 60. Ke6 Ba5 61. Ke7 Bc7 62. Nf7 Ba5 63. Nd6 Kg6 64. Nb7 Bc7 65. Ke6
Bb6 66. Kd6 Kf7 67. Kc6 Ke7 68. Nd6 Ba5 69. Ne4 Ke6 70. Nc5+ Ke7 71. Na6 Kd8
72. Nb8 Bc7 73. Na6 Ba5 74. Nc5 Ke7 75. Na6 1/2-1/2

[Event "4NCL Division 2a"]
[Site "De Vere, Staverton Park ENG"]
[Date "2013.02.23"]
[Round "5.34"]
[White "Jenks, C Bruce"]
[Black "Burrows, Martin P"]
[Result "0-1"]
[WhiteElo "2135"]
[BlackElo "2147"]
[PlyCount "80"]
[EventDate "2013.02.23"]
[WhiteTeam "Wessex"]
[BlackTeam "Pandora's Box Grantham"]

1. d4 Nf6 2. Nf3 e6 3. Bg5 h6 4. Bxf6 Qxf6 5. e4 d6 6. Nc3 Nd7 7. Qd2 Qd8 8.
Bc4 Be7 9. h4 c6 10. Ne2 d5 11. exd5 exd5 12. Bd3 Nf6 13. Ng3 Be6 14. Nf5 Bxf5
15. Bxf5 g6 16. Bd3 Qc7 17. Ne5 Bd6 18. O-O-O O-O-O 19. Rde1 Rde8 20. f4 c5 21.
dxc5 Bxe5 22. fxe5 Rxe5 23. Rxe5 Qxe5 24. Re1 Ne4 25. c6 bxc6 26. Qa5 Qf4+ 27.
Kb1 Qc7 28. Qa6+ Kb8 29. Bxe4 Re8 30. Re3 Rxe4 31. Rxe4 dxe4 32. a4 Qd6 33. Qc4
Qd1+ 34. Ka2 Qd5 35. Kb3 f5 36. Qxd5 cxd5 37. Kc3 f4 38. Kd4 g5 39. hxg5 hxg5
40. b4 g4 0-1

[Event "4NCL Division 2a"]
[Site "De Vere, Staverton Park ENG"]
[Date "2013.02.23"]
[Round "5.35"]
[White "Mangione, Claudio"]
[Black "Simons, Martin J"]
[Result "1/2-1/2"]
[WhiteElo "2098"]
[BlackElo "2159"]
[PlyCount "85"]
[EventDate "2013.02.23"]
[WhiteTeam "Pandora's Box Grantham"]
[BlackTeam "Wessex"]

1. Nf3 d6 2. d4 Bg4 3. c4 Nd7 4. Nc3 e5 5. g3 Ngf6 6. Bg2 Be7 7. O-O O-O 8. h3
Bxf3 9. Bxf3 c6 10. e3 Re8 11. Bg2 Qc7 12. b3 a6 13. Bb2 b5 14. cxb5 axb5 15.
d5 b4 16. dxc6 bxc3 17. cxd7 Nxd7 18. Rc1 Rxa2 19. Bxc3 Qa7 20. Ra1 Rc8 21. Bb4
Nf6 22. Rxa2 Qxa2 23. Qb1 Qxb1 24. Rxb1 Bf8 25. Ba5 d5 26. b4 Bd6 27. b5 Kf8
28. b6 Re8 29. Rb5 e4 30. g4 h6 31. b7 Rb8 32. Bc3 Ke7 33. Bd4 Re8 34. f3 Kd7
35. fxe4 dxe4 36. g5 hxg5 37. Rxg5 Rb8 38. Rxg7 Ke6 39. h4 Rxb7 40. Bh3+ Ke7
41. Bf5 Rb8 42. Kg2 Ra8 43. Rg5 1/2-1/2

[Event "4NCL Division 2a"]
[Site "De Vere, Staverton Park ENG"]
[Date "2013.02.23"]
[Round "5.36"]
[White "Gregory, Keith DF"]
[Black "Birtwistle, Nigel"]
[Result "1/2-1/2"]
[WhiteElo "2047"]
[BlackElo "2148"]
[PlyCount "92"]
[EventDate "2013.02.23"]
[WhiteTeam "Wessex"]
[BlackTeam "Pandora's Box Grantham"]

1. Nf3 c5 2. c4 Nf6 3. g3 g6 4. b3 Bg7 5. Bb2 O-O 6. Bg2 Nc6 7. O-O d6 8. d3 h6
9. Nbd2 e5 10. a3 Be6 11. Rb1 Qd7 12. Re1 Bh3 13. Bh1 Rae8 14. e4 Ng4 15. Nh4
Ne7 16. f3 Nf6 17. Nf1 Nh7 18. b4 g5 19. Ng2 f5 20. exf5 Bxf5 21. Nge3 Bg6 22.
Bg2 b6 23. Qe2 Nc6 24. Nd5 Nf6 25. Nfe3 Nd4 26. Qd1 Bf7 27. Nc3 Be6 28. Ne4 Nf5
29. Nxf5 Bxf5 30. Qe2 Rd8 31. Rbc1 Rf7 32. Rf1 Qe7 33. Nf2 Rff8 34. Rfe1 Qf7
35. Ne4 Rfe8 36. Qc2 Kh8 37. Nf2 Qg6 38. Ne4 Qf7 39. Nf2 Bg6 40. Bc3 Rc8 41.
Qb2 Bh5 42. Ne4 Red8 43. Rb1 Ng8 44. Bh3 Ra8 45. Bg2 Rac8 46. Bh3 Ra8 1/2-1/2

[Event "4NCL Division 2a"]
[Site "De Vere, Staverton Park ENG"]
[Date "2013.02.23"]
[Round "5.37"]
[White "David, Ivan"]
[Black "de Coverly, Roger D"]
[Result "1/2-1/2"]
[WhiteElo "1777"]
[BlackElo "2019"]
[PlyCount "98"]
[EventDate "2013.02.23"]
[WhiteTeam "Pandora's Box Grantham"]
[BlackTeam "Wessex"]

1. d4 Nf6 2. Bf4 g6 3. e3 Bg7 4. Be2 O-O 5. h3 d6 6. Nf3 c5 7. O-O b6 8. Nbd2
Bb7 9. c3 Nbd7 10. a4 a6 11. Re1 Rc8 12. Qb3 Qc7 13. Bh2 Qb8 14. Bf1 Qa8 15.
Red1 Ne4 16. Nxe4 Bxe4 17. Nd2 Bc6 18. f3 Qb7 19. Nc4 d5 20. Nd2 e5 21. dxc5
Nxc5 22. Qc2 Rfd8 23. b4 Ne6 24. b5 axb5 25. axb5 Be8 26. e4 Qc7 27. exd5 Qc5+
28. Kh1 Nd4 29. Qe4 Qxc3 30. Bxe5 Bxe5 31. Qxe5 Nxb5 32. Qg5 f6 33. Qf4 f5 34.
Rac1 Qxc1 35. Rxc1 Rxc1 36. Kh2 Rc5 37. Qb4 Nd6 38. Qxb6 Rcc8 39. Qd4 Bf7 40.
Nc4 Nxc4 41. Bxc4 Rd6 42. h4 Rcd8 43. h5 gxh5 44. Qh4 Bxd5 45. Qg5+ Kh8 46.
Bxd5 Rxd5 47. Qf6+ Kg8 48. Qg5+ Kf8 49. Qf6+ Kg8 1/2-1/2

[Event "4NCL Division 2a"]
[Site "De Vere, Staverton Park ENG"]
[Date "2013.02.23"]
[Round "5.38"]
[White "Reid, Vaness"]
[Black "Batchelor, Guy J"]
[Result "0-1"]
[WhiteElo "1844"]
[BlackElo "1848"]
[PlyCount "164"]
[EventDate "2013.02.23"]
[WhiteTeam "Wessex"]
[BlackTeam "Pandora's Box Grantham"]

1. d4 Nf6 2. c4 e6 3. Nc3 Bb4 4. Qb3 c5 5. dxc5 Nc6 6. Nf3 Ne4 7. e3 Nxc3 8.
bxc3 Bxc5 9. Bd3 Qe7 10. O-O O-O 11. Qc2 h6 12. Kh1 e5 13. Nd2 d6 14. e4 Qh4
15. Nb3 b6 16. f4 f6 17. f5 Qh5 18. Rf3 Qf7 19. Rg3 Kh7 20. Be2 Rh8 21. Bd2 Ba6
22. Qd1 Ne7 23. Qf1 Kg8 24. Rd1 Kf8 25. Bc1 Rd8 26. Nxc5 bxc5 27. Ba3 Qe8 28.
Rh3 Qc6 29. Re3 Nc8 30. Bc1 Ke7 31. Qf3 Nb6 32. Qg4 Rhg8 33. Rg3 Bxc4 34. Bxc4
Nxc4 35. Qh4 Qe8 36. Rg6 Qf7 37. Qf2 Rb8 38. Qc2 Nb6 39. Qd3 Rbd8 40. Qa6 Rd7
41. Qe2 Rh8 42. h3 Kd8 43. Rg3 Qc4 44. Rgd3 Kc7 45. Kh2 Rhd8 46. R1d2 Kc6 47.
Qe1 Na4 48. Rg3 Rb8 49. Rgd3 Kc7 50. Qd1 Rbd8 51. Qf3 Nb6 52. Rb2 Qa6 53. Rd1
Na4 54. Rb3 Qc4 55. Re1 Nb6 56. Ra3 Kc6 57. Be3 Qd3 58. Rd1 Qb5 59. Rb3 Qa4 60.
Rd2 Nc4 61. Re2 Rb7 62. Rxb7 Kxb7 63. Bf2 Qd1 64. Qh5 Kc6 65. Qf3 Rb8 66. Qh5
Kb6 67. Qf3 Ka5 68. Bg1 Rb2 69. Rf2 Qxf3 70. Rxf3 Ka4 71. Rg3 Rb7 72. Be3 Ka3
73. Bc1+ Kxa2 74. Rg6 Rf7 75. g4 Kb1 76. Bxh6 gxh6 77. h4 Nd2 78. Rxh6 Nxe4 79.
Rh8 Nxc3 80. g5 fxg5 81. hxg5 Rxf5 82. g6 Rg5 0-1

[Event "4NCL Division 2a"]
[Site "De Vere, Staverton Park ENG"]
[Date "2013.02.23"]
[Round "5.41"]
[White "Willmoth, Robert F"]
[Black "Harley, Andrew D"]
[Result "1-0"]
[WhiteElo "2151"]
[BlackElo "2234"]
[PlyCount "143"]
[EventDate "2013.02.23"]
[WhiteTeam "e2e4.org.uk 2"]
[BlackTeam "Poisoned Pawns"]

1. Nf3 Nf6 2. b3 g6 3. Bb2 Bg7 4. e4 d6 5. g3 O-O 6. Qe2 c5 7. Bg2 Nc6 8. O-O
Bd7 9. h3 Rc8 10. c3 e6 11. d4 cxd4 12. cxd4 Qb6 13. Rd1 d5 14. e5 Ne8 15. Nc3
Qb4 16. Qd2 f6 17. Qe3 fxe5 18. dxe5 Nc7 19. h4 Qg4 20. Ne2 Rf7 21. Ng5 Re7 22.
Nf4 Qf5 23. Bh3 Qf8 24. Rac1 Qd8 25. Nd3 b6 26. f4 Re8 27. b4 h6 28. Nf3 Qe7
29. a3 Qf7 30. Nf2 Ne7 31. Nd4 Nf5 32. Qd3 Nxd4 33. Bxd4 Bb5 34. Qe3 Ba4 35.
Re1 Nb5 36. Bb2 Qd7 37. Ng4 Kh7 38. Qd3 h5 39. Nh2 Rxc1 40. Rxc1 Rc8 41. Nf3
Rxc1+ 42. Bxc1 Bh6 43. Bb2 Qc6 44. Bf1 a6 45. Qd2 Bf8 46. Ng5+ Kg7 47. Bh3 Nc7
48. Qc1 Qxc1+ 49. Bxc1 Bd7 50. Be3 Be7 51. Bxb6 Bxg5 52. Bxc7 Be7 53. Kf2 Kf7
54. Bg2 Bb5 55. Bf3 Bc4 56. Bd1 Ke8 57. Ba4+ Bb5 58. Bc2 Kf7 59. Ke3 Bc4 60.
Kd4 Bf1 61. Bb6 Bc4 62. Bc5 Bd8 63. a4 Bc7 64. a5 Bd8 65. Ba4 Bf1 66. Bd6 Bc4
67. Kc5 Bf1 68. Bc6 Be2 69. b5 d4 70. b6 d3 71. b7 d2 72. Ba4 1-0

[Event "4NCL Division 2a"]
[Site "De Vere, Staverton Park ENG"]
[Date "2013.02.23"]
[Round "5.42"]
[White "Swanson, Stephen"]
[Black "Seymour, Timothy P"]
[Result "1-0"]
[WhiteElo "2253"]
[BlackElo "2112"]
[PlyCount "119"]
[EventDate "2013.02.23"]
[WhiteTeam "Poisoned Pawns"]
[BlackTeam "e2e4.org.uk 2"]

1. g3 f5 2. Bg2 Nf6 3. d3 d6 4. e4 Nc6 5. Nc3 g6 6. Nge2 Bg7 7. h3 e5 8. Be3
O-O 9. Qd2 Be6 10. f4 Qd7 11. O-O-O Qf7 12. exf5 gxf5 13. a3 Nd5 14. Bxd5 Bxd5
15. Rhg1 Be6 16. Rdf1 Qd7 17. fxe5 dxe5 18. Bh6 Rf6 19. Bxg7 Qxg7 20. g4 fxg4
21. Rxf6 Qxf6 22. hxg4 Rf8 23. g5 Qf2 24. b4 Nd4 25. g6 Qh2 26. gxh7+ Kxh7 27.
Qg5 Nxe2+ 28. Nxe2 Qh6 29. Qxh6+ Kxh6 30. Nc3 c6 31. Re1 Kg6 32. Rxe5 Kf6 33.
Re2 Ke7 34. Ne4 Bc8 35. Kb2 Kd8 36. Rh2 Bf5 37. Rf2 Ke7 38. Kc3 b6 39. a4 Be6
40. Rxf8 Kxf8 41. Kd4 Ke7 42. Ke5 Bg4 43. Nc3 Bf3 44. d4 a6 45. a5 b5 46. d5
cxd5 47. Nxd5+ Kd7 48. Nf6+ Kc6 49. Ne4 Kb7 50. Nc5+ Ka7 51. Kd6 Bd1 52. c3 Bf3
53. Kc7 Bg2 54. Nd7 Bh3 55. Ne5 Bg2 56. Nc6+ Ka8 57. Kb6 Be4 58. Ne5 Bb7 59.
Nd7 Bc8 60. Nc5 1-0

[Event "4NCL Division 2a"]
[Site "De Vere, Staverton Park ENG"]
[Date "2013.02.23"]
[Round "5.43"]
[White "Mansson, James C"]
[Black "Byway, Paul V"]
[Result "1/2-1/2"]
[WhiteElo "2123"]
[BlackElo "2157"]
[PlyCount "52"]
[EventDate "2013.02.23"]
[WhiteTeam "e2e4.org.uk 2"]
[BlackTeam "Poisoned Pawns"]

1. Nf3 Nf6 2. c4 e6 3. g3 d5 4. d4 c6 5. Bg2 Bd6 6. O-O Nbd7 7. Bf4 Bxf4 8.
gxf4 O-O 9. Qc2 b6 10. Nbd2 Bb7 11. Ne5 c5 12. Nxd7 Qxd7 13. dxc5 bxc5 14. Rfd1
Qc7 15. e3 Rab8 16. b3 d4 17. Ne4 Bxe4 18. Bxe4 dxe3 19. fxe3 Rfd8 20. Bf3 e5
21. Qf5 exf4 22. Qxf4 Qxf4 23. exf4 Kf8 24. Kf2 Rbc8 25. Ke1 Ke7 26. Kf2 Kf8
1/2-1/2

[Event "4NCL Division 2a"]
[Site "De Vere, Staverton Park ENG"]
[Date "2013.02.23"]
[Round "5.44"]
[White "Goodger, Martyn"]
[Black "Talbot, Andrew R"]
[Result "1-0"]
[WhiteElo "2086"]
[BlackElo "2141"]
[PlyCount "80"]
[EventDate "2013.02.23"]
[WhiteTeam "Poisoned Pawns"]
[BlackTeam "e2e4.org.uk 2"]

1. e4 c5 2. Nf3 d6 3. Bc4 e6 4. O-O a6 5. c3 Nf6 6. d3 Be7 7. Bb3 O-O 8. Qe2
Nc6 9. d4 cxd4 10. cxd4 Bd7 11. e5 dxe5 12. dxe5 Nd5 13. Nc3 Nxc3 14. bxc3 Na5
15. Bc2 Bb5 16. Qe4 g6 17. Re1 Bc6 18. Qg4 Bxf3 19. Qxf3 Qc7 20. Rb1 Rfd8 21.
Bh6 Rab8 22. Bb3 b5 23. Re4 Qc6 24. h4 Rbc8 25. Rc1 Nxb3 26. axb3 Qd5 27. c4
Qd3 28. Re3 Qd2 29. Rce1 Bc5 30. Qf6 Bf8 31. Bxf8 Rxf8 32. h5 Qd8 33. Qf4 g5
34. Qe4 bxc4 35. bxc4 Kh8 36. Rd3 Qc7 37. Qf3 Qe7 38. Red1 Rxc4 39. Rd7 Qe8 40.
Qf6+ Kg8 1-0

[Event "4NCL Division 2a"]
[Site "De Vere, Staverton Park ENG"]
[Date "2013.02.23"]
[Round "5.45"]
[White "Almond, Richard J"]
[Black "McEwan, Ken B"]
[Result "1/2-1/2"]
[WhiteElo "2123"]
[BlackElo "2100"]
[PlyCount "44"]
[EventDate "2013.02.23"]
[WhiteTeam "e2e4.org.uk 2"]
[BlackTeam "Poisoned Pawns"]

1. d4 Nf6 2. c4 e6 3. Nc3 d5 4. cxd5 exd5 5. Bg5 Be7 6. e3 c6 7. Qc2 Bg4 8. Bd3
Bh5 9. Nge2 Bg6 10. Ng3 Bxd3 11. Qxd3 h6 12. Bf4 Nbd7 13. Nf5 O-O 14. g4 Re8
15. O-O-O Nf8 16. g5 Ne4 17. gxh6 g6 18. Nxe4 dxe4 19. Nxe7+ Qxe7 20. Qe2 Qe6
21. Kb1 Kh7 22. h4 f6 1/2-1/2

[Event "4NCL Division 2a"]
[Site "De Vere, Staverton Park ENG"]
[Date "2013.02.23"]
[Round "5.46"]
[White "Rosen, Daniel B"]
[Black "Denton, John R"]
[Result "1/2-1/2"]
[WhiteElo "2085"]
[BlackElo "2069"]
[PlyCount "52"]
[EventDate "2013.02.23"]
[WhiteTeam "Poisoned Pawns"]
[BlackTeam "e2e4.org.uk 2"]

1. e4 c6 2. d4 d5 3. exd5 cxd5 4. c4 Nf6 5. c5 e6 6. Nc3 Be7 7. Nf3 O-O 8. Bg5
b6 9. b4 Bb7 10. Bb5 bxc5 11. dxc5 a5 12. a3 d4 13. Na4 axb4 14. axb4 Nc6 15.
O-O Nxb4 16. Qxd4 Nc2 17. Qxd8 Rfxd8 18. Ra2 Bxf3 19. Rxc2 Be4 20. Rcc1 Ra5 21.
Nc3 Bd3 22. Bxd3 Rxd3 23. Ne4 Kf8 24. Bxf6 gxf6 25. c6 Ra8 26. Nc5 Bxc5 1/2-1/2

[Event "4NCL Division 2a"]
[Site "De Vere, Staverton Park ENG"]
[Date "2013.02.23"]
[Round "5.47"]
[White "Fernandez, Michael H"]
[Black "McCorry, Robert T"]
[Result "0-1"]
[WhiteElo "1871"]
[BlackElo "2076"]
[PlyCount "72"]
[EventDate "2013.02.23"]
[WhiteTeam "e2e4.org.uk 2"]
[BlackTeam "Poisoned Pawns"]

1. e4 c6 2. d4 d5 3. exd5 cxd5 4. c4 Nf6 5. Nc3 Nc6 6. Nf3 Bg4 7. Be3 e6 8. h3
Bxf3 9. Qxf3 Bb4 10. a3 Qa5 11. Bd2 Ne4 12. Qe3 Nxd2 13. Qxd2 dxc4 14. Bxc4 O-O
15. O-O Bxc3 16. Qxc3 Qxc3 17. bxc3 Rac8 18. Bd3 Rfd8 19. f4 Ne7 20. Rf3 Nd5
21. c4 Nf6 22. Rd1 g6 23. Be2 Rc7 24. g4 h6 25. Kg2 Ne4 26. Re3 Nd6 27. c5 Nc8
28. Re5 Ne7 29. Bb5 Nd5 30. Bc4 Nxf4+ 31. Kg3 g5 32. Bb3 Rcd7 33. h4 Ng6 34.
Rxe6 gxh4+ 35. Kh2 fxe6 36. Bxe6+ Kg7 0-1

[Event "4NCL Division 2a"]
[Site "De Vere, Staverton Park ENG"]
[Date "2013.02.23"]
[Round "5.48"]
[White "Sucikova, Svetlana"]
[Black "Horspool, Philip J"]
[Result "1/2-1/2"]
[WhiteElo "1860"]
[BlackElo "2003"]
[PlyCount "175"]
[EventDate "2013.02.23"]
[WhiteTeam "Poisoned Pawns"]
[BlackTeam "e2e4.org.uk 2"]

1. c4 Nf6 2. Nc3 g6 3. d4 Bg7 4. g3 O-O 5. Bg2 d6 6. Nf3 Nbd7 7. O-O Re8 8. Bf4
c6 9. e4 Nh5 10. Be3 e5 11. dxe5 dxe5 12. Qc2 Bf8 13. Rfd1 Qc7 14. Rd2 Nb6 15.
b3 a5 16. Rad1 Bb4 17. Ne1 Be6 18. Nd3 Nd7 19. Qb2 Bf8 20. c5 Nhf6 21. f3 Nh5
22. Na4 f6 23. Qc3 Ng7 24. Ndb2 f5 25. Nc4 Nf6 26. Nab6 Ra6 27. Na4 fxe4 28.
fxe4 Bxc4 29. Qxc4+ Qf7 30. Bf1 Ne6 31. Bh3 Nd4 32. Qxf7+ Kxf7 33. Rf2 Kg7 34.
Rdf1 Be7 35. Bxd4 exd4 36. e5 Nd5 37. Rf7+ Kh6 38. Rd1 Bg5 39. e6 Raa8 40. Rxb7
Be3+ 41. Kh1 Rf8 42. e7 Rfb8 43. e8=Q Rxe8 44. Bd7 Rf8 45. Bxc6 Nc3 46. Rd3
Rf1+ 47. Kg2 Rg1+ 48. Kh3 Nd1 49. Rf7 Rc8 50. Bb7 Rc7 51. Rxd1 Rxf7 52. Rxg1
Bxg1 53. Be4 Rc7 54. Kg2 Be3 55. Kf3 Kg7 56. c6 Kf6 57. Nc5 Ke5 58. Ke2 Bg1 59.
Kd3 Bxh2 60. Nd7+ Kd6 61. Nf6 Bxg3 62. Ne8+ Kc5 63. Nxc7 Bxc7 64. a3 Be5 65.
b4+ axb4 66. axb4+ Kxb4 67. c7 Bxc7 68. Kxd4 Bf4 69. Kd3 Kc5 70. Ke2 Kd4 71.
Kf3 Bc1 72. Ba8 h5 73. Kg2 Ke3 74. Bb7 g5 75. Bc8 Bd2 76. Bd7 g4 77. Bc8 Be1
78. Bd7 Kf4 79. Bc8 h4 80. Bxg4 Kxg4 81. Kh2 Kf3 82. Kh1 h3 83. Kh2 Kg4 84. Kh1
Kg3 85. Kg1 Bf2+ 86. Kh1 Kh4 87. Kh2 Bg3+ 88. Kh1 1/2-1/2

[Event "4NCL Division 2b"]
[Site "De Vere, Staverton Park ENG"]
[Date "2013.02.23"]
[Round "5.51"]
[White "Quillan, Gary"]
[Black "Richardson, John R"]
[Result "1/2-1/2"]
[WhiteElo "2398"]
[BlackElo "2320"]
[PlyCount "49"]
[EventDate "2013.02.23"]
[WhiteTeam "3Cs 1"]
[BlackTeam "The AD's"]

1. e4 c6 2. d4 d5 3. exd5 cxd5 4. c4 Nf6 5. Nc3 Nc6 6. Nf3 Bg4 7. cxd5 Nxd5 8.
Qb3 Bxf3 9. gxf3 e6 10. Qxb7 Nxd4 11. Bb5+ Nxb5 12. Qc6+ Ke7 13. Qxb5 Qd7 14.
Nxd5+ Qxd5 15. Qxd5 exd5 16. Be3 Ke6 17. O-O Be7 18. Rfe1 Kf5 19. Rac1 Bf6 20.
Rc5 Rhd8 21. Rd1 Ke6 22. Re1 Kf5 23. Rd1 Ke6 24. Re1 Kf5 25. Rd1 1/2-1/2

[Event "4NCL Division 2b"]
[Site "De Vere, Staverton Park ENG"]
[Date "2013.02.23"]
[Round "5.52"]
[White "Wheeler, Darren P"]
[Black "Ashton, Adam G"]
[Result "0-1"]
[WhiteElo "2284"]
[BlackElo "2367"]
[PlyCount "70"]
[EventDate "2013.02.23"]
[WhiteTeam "The AD's"]
[BlackTeam "3Cs 1"]

1. e4 e5 2. Nf3 Nc6 3. Bb5 a6 4. Bxc6 dxc6 5. O-O Ne7 6. Nxe5 Qd4 7. Qh5 g6 8.
Qg5 Bg7 9. Nd3 f5 10. e5 c5 11. b3 b6 12. Bb2 Qg4 13. f4 Bb7 14. Nc3 Qxg5 15.
fxg5 O-O-O 16. Ne2 h6 17. Nef4 hxg5 18. Ne6 Rxd3 19. cxd3 Bh6 20. d4 Bd5 21.
Nxc7 Kxc7 22. dxc5 b5 23. d4 g4 24. Bc1 g5 25. g3 Rf8 26. Kf2 f4 27. gxf4 gxf4
28. Rg1 Rg8 29. a4 b4 30. a5 Nf5 31. Bd2 g3+ 32. hxg3 fxg3+ 33. Ke1 Bxd2+ 34.
Kxd2 Nxd4 35. Ke3 Nc2+ 0-1

[Event "4NCL Division 2b"]
[Site "De Vere, Staverton Park ENG"]
[Date "2013.02.23"]
[Round "5.53"]
[White "Longson, Alexander"]
[Black "Snape, Ian L"]
[Result "1/2-1/2"]
[WhiteElo "2270"]
[BlackElo "2249"]
[PlyCount "53"]
[EventDate "2013.02.23"]
[WhiteTeam "3Cs 1"]
[BlackTeam "The AD's"]

1. e4 c5 2. Nc3 g6 3. d4 cxd4 4. Qxd4 Nf6 5. Nf3 Nc6 6. Qa4 d6 7. e5 dxe5 8.
Nxe5 Bd7 9. Nxd7 Qxd7 10. Be3 Bg7 11. Rd1 Qc8 12. Be2 O-O 13. O-O a6 14. Qb3
Na5 15. Qb4 Nc6 16. Qb3 Na5 17. Qb6 Nc4 18. Bxc4 Qxc4 19. Rd4 Qc8 20. Rb4 Rb8
21. Rb3 Qf5 22. Qc5 Qxc2 23. Rc1 Qd3 24. Rd1 Qc2 25. Rc1 Qd3 26. Rd1 Qc2 27.
Rc1 1/2-1/2

[Event "4NCL Division 2b"]
[Site "De Vere, Staverton Park ENG"]
[Date "2013.02.23"]
[Round "5.54"]
[White "Anderton, David W"]
[Black "Bentley, John L"]
[Result "0-1"]
[WhiteElo "2217"]
[BlackElo "2212"]
[PlyCount "92"]
[EventDate "2013.02.23"]
[WhiteTeam "The AD's"]
[BlackTeam "3Cs 1"]

1. d4 Nf6 2. c4 g6 3. g3 Bg7 4. Bg2 O-O 5. Nc3 d6 6. Nf3 c6 7. O-O Bf5 8. Ne1
e5 9. d5 Qd7 10. e4 Bh3 11. Bxh3 Qxh3 12. f3 Bh6 13. Nd3 Bxc1 14. Rxc1 c5 15.
a3 Nbd7 16. Qd2 Nb6 17. b3 Rae8 18. Nb5 Nc8 19. b4 b6 20. bxc5 dxc5 21. Qc3 Nd7
22. f4 exf4 23. Rxf4 g5 24. Rf5 h6 25. Nf2 Qh5 26. d6 f6 27. g4 Qf7 28. Rd1 Re5
29. Rd5 Rfe8 30. Nc7 Rxd5 31. Nxd5 Nxd6 32. Nxf6+ Nxf6 33. Rxf6 Qg7 34. e5 Nf7
35. Qd3 Nxe5 36. Qf5 Qh7 37. h3 Qxf5 38. gxf5 Kg7 39. Rd6 Nxc4 40. Rd7+ Kf6 41.
Ng4+ Kxf5 42. Nxh6+ Kf4 43. Kf2 a5 44. Rf7+ Ke4 45. Ng4 Kd4 46. Nf6 Ne5 0-1